[Event "24th Open"]
[Site "Schwarzach AUT"]
[Date "2009.08.21"]
[Round "7"]
[White "Roos,Dan"]
[Black "Bonnaud,R"]
[Result "1-0"]
[WhiteElo "2431"]
[BlackElo "2204"]

1.Nf3 d5 2.g3 Nf6 3.Bg2 c6 4.O-O Bg4 5.d3 Nbd7 6.Nbd2 e5 7.e4 dxe4 8.dxe4 Bc5
9.h3 Bh5 10.Qe1 O-O 11.Nb3 Be7 12.Bd2 Qc7 13.Bc3 Rfe8 14.Rd1 Bf8 15.g4 Bg6
16.Nh4 Nc5 17.Nxc5 Bxc5 18.Qe2 b5 19.Rd3 b4 20.Bd2 Red8 21.Bc1 Rxd3 22.cxd3 Nd7
23.Kh1 Bd4 24.Qc2 Rc8 25.Nf3 c5 26.h4 f6 27.Bd2 a5 28.b3 Nf8 29.Bh3 Bf7 30.g5 Be6
31.Bxe6+ Nxe6 32.Qc4 Qf7 33.Nxd4 Nxd4 34.gxf6 Qxc4 35.dxc4 gxf6 36.f4 Re8
37.fxe5 Rxe5 38.Rxf6 Rxe4 39.Bh6 Re8 40.Kg2 Ne2 41.Rf5 Nc3 42.Rxc5 Re6 43.Bf4 Re2+
44.Kf3 Rxa2 45.Rf5 Ne2 46.Ke4 Nxf4 47.Rxf4 Ra3 48.Rf5 Rxb3 49.Rxa5 Rc3 50.c5 Rh3
51.Ra8+ Kf7 52.c6 b3 53.Rb8 Rxh4+ 54.Kd5 Rh5+ 55.Kd6 Rh3 56.c7 Rd3+ 57.Ke5 Rc3
58.c8=Q  1-0

[Event "24th Open"]
[Site "Schwarzach AUT"]
[Date "2009.08.21"]
[Round "7"]
[White "Legahn,D"]
[Black "Wersching,A"]
[Result "1-0"]
[WhiteElo "2207"]
[BlackElo "2031"]

1.g3 d5 2.Nf3 c5 3.Bg2 Nc6 4.d4 Nf6 5.O-O cxd4 6.Nxd4 e5 7.Nxc6 bxc6 8.c4 h6
9.Nc3 Be6 10.cxd5 cxd5 11.Qa4+ Bd7 12.Qa6 Bc8 13.Qc6+ Bd7 14.Qb7 Rb8 15.Qxa7 d4
16.Ne4 Nxe4 17.Bxe4 Qc8 18.Qa5 Rb5 19.Qd2 Bc6 20.Qd3 Qb7 21.Bxc6+ Qxc6 22.a4 Rb4
23.Qf5 Bd6 24.Bd2 Rb8 25.Qg4 Ke7 26.b4 Qc2 27.Rfd1 g5 28.b5 f5 29.Qh5 f4
30.Ba5 Rbg8 31.Rdc1 Qf5 32.Bc7 Bb4 33.Rc6 Bc3 34.Rc1 Rg7 35.Bd6+ Kd8 36.Bc5 fxg3
37.hxg3 Rf7 38.Bb6+ Ke8 39.f3 e4 40.g4 Qe5 41.Rc8+ Kd7 42.Rc7+ Kd6 43.Rxf7 Qg3+
44.Kh1  1-0

[Event "RUS-CHN Match w Rapid"]
[Site "Sochi RUS"]
[Date "2009.08.21"]
[Round "2"]
[White "Ju Wenjun"]
[Black "Romanko,M"]
[Result "1/2-1/2"]
[WhiteElo "2443"]
[BlackElo "2447"]

1.Nf3 d5 2.g3 c5 3.Bg2 Nc6 4.O-O e5 5.d3 Bd6 6.e4 d4 7.a4 Nge7 8.Na3 O-O
9.Nh4 Be6 10.b3 Qd7 11.Bd2 Rae8 12.Qe2 Bc7 13.Rae1 Ba5 14.Bxa5 Nxa5 15.Qd2 Nac6
16.Kh1 f6 17.f4 exf4 18.gxf4 f5 19.exf5 Bd5 20.Nc4 Bxg2+ 21.Qxg2 Nd5 22.Re4 Nf6
23.Ree1 Nb4 24.Re5 Nbd5 25.Qf3 b6 26.Rfe1 Qd8 27.Ng2 a6 28.Re6 b5 29.axb5 axb5
30.Ne5 Nb4 31.Re2 Qc8 32.Ng4 Nfd5 33.Qg3 Kh8 34.Qh4 Qa8 35.Kg1 Nc3 36.Rxe8 Rxe8
37.Rxe8+ Qxe8 38.f6 Nbd5 39.fxg7+ Kxg7 40.Qg5+ Kh8 41.Ne5 Qg8 42.Qxg8+ Kxg8
43.Nd7 Ne2+ 44.Kf2 Nexf4 45.Nxf4 Nxf4 46.Nxc5 Kf7 47.Kf3 Nd5 48.Na6 Ne3 49.c4 bxc4
50.bxc4 Ke6 51.Nc5+ Ke5 52.Nd7+ Kf5 53.c5 Nf1 54.h3 Nd2+ 55.Ke2 Nb3 56.c6 Ke6
57.Kf3 Kd6 58.Nf8 h6 59.Ke4 Kxc6 60.Ne6 Kd6 61.Nxd4 Nc5+ 62.Ke3 Kd5 63.Nf5 h5
64.Ng3 h4 65.Nf5 Ne6 66.Nxh4 Ng5 67.Nf3 Nxh3 68.d4 Kd6 69.Kd3 Nf4+ 70.Kc4 Ne6
71.d5 Nf4  1/2-1/2

[Event "RUS-CHN Match w Rapid"]
[Site "Sochi RUS"]
[Date "2009.08.21"]
[Round "3"]
[White "Ju Wenjun"]
[Black "Gunina,V"]
[Result "1-0"]
[WhiteElo "2443"]
[BlackElo "2437"]

1.Nf3 d5 2.g3 Nf6 3.Bg2 c6 4.O-O Bf5 5.d3 e6 6.Nbd2 h6 7.b3 Be7 8.Bb2 O-O
9.c4 c5 10.Ne5 Nbd7 11.e4 Bh7 12.Nxd7 Qxd7 13.Qe2 Rad8 14.cxd5 exd5 15.e5 Ne8
16.d4 Nc7 17.Nf3 Qb5 18.Qxb5 Nxb5 19.dxc5 Bxc5 20.Rac1 Bb6 21.a4 Nc7 22.b4 a5
23.Bd4 Bxd4 24.Nxd4 Ne6 25.Nxe6 fxe6 26.bxa5 Rc8 27.Rfd1 Bc2 28.Rd4 Rc3 29.Bh3 Kf7
30.Rf4+ Ke7 31.Rxf8 Kxf8 32.Bxe6 d4 33.Bg4 Ke7 34.f4 Bxa4 35.Ra1 Bb5 36.Rd1 d3
37.Bf5 Ra3 38.Rd2 Rxa5 39.Bxd3 Bc6 40.Kf2 Ra3 41.Ke3 Ke6 42.Kd4 Ra4+ 43.Bc4+ Bd5
44.f5+  1-0

[Event "9th UIL&UL GM"]
[Site "Dahka BAN"]
[Date "2009.08.22"]
[Round "2"]
[White "Ahmed,J BAN"]
[Black "Islam,Kh"]
[Result "0-1"]
[WhiteElo "2138"]
[BlackElo "2316"]

1.Nf3 d5 2.g3 Nf6 3.d3 h6 4.Bg2 c6 5.Nbd2 Bf5 6.b3 e6 7.O-O Nbd7 8.Bb2 Be7
9.a4 O-O 10.Nd4 Bh7 11.e4 Bb4 12.c3 Be7 13.Qe2 Qb6 14.b4 a5 15.b5 Nc5 16.Ba3 Rfe8
17.Rfb1 Qc7 18.Bc1 Nfd7 19.N4b3 Bf6 20.d4 Nxe4 21.Nxe4 dxe4 22.Bxe4 Bxe4
23.Qxe4 cxb5 24.axb5 a4 25.Nc5 Nxc5 26.dxc5 Qxc5 27.Rxa4 Rxa4 28.Qxa4 Rd8
29.Be3 Qxc3 30.Rd1 Rxd1+ 31.Qxd1 Qa1 32.Qxa1 Bxa1 33.Kf1 Kf8 34.Ke2 Ke7 35.Kd3 Bb2
36.Kc4 Ba3 37.Bd4 f6 38.f4 Bd6 39.h4 h5 40.Be3 Kf7 41.Kd4 Ke8 42.Kc4 Kd7
43.Bf2 Bc7 44.Bc5 Ke8 45.Kd3 Kf7 46.Ke4 Kg6 47.Bd4 Ba5 48.Bf2 Bb4 49.b6 Kf7
50.Kd4 Ke7 51.Kc4 Bd6 52.Bd4 Kd7 53.Kb5 e5 54.Be3 Ke6 55.Kc4 g6 56.fxe5 Bxe5
57.Bf2 g5 58.hxg5 fxg5 59.Kc5 Bf6 60.Kc4 h4 61.gxh4 gxh4 62.Kd3 h3  0-1

[Event "16th Vienna Open"]
[Site "Vienna AUT"]
[Date "2009.08.22"]
[Round "8"]
[White "Vitouch,A"]
[Black "Trkulja,Z"]
[Result "1-0"]
[WhiteElo "2282"]
[BlackElo "2195"]

1.Nf3 d5 2.g3 Nf6 3.Bg2 c6 4.c4 Bf5 5.cxd5 cxd5 6.Qb3 Qc8 7.Nc3 e6 8.d3 Nc6
9.O-O Be7 10.Bf4 O-O 11.Rac1 Qd7 12.e4 Bg4 13.exd5 Bxf3 14.Bxf3 Nd4 15.Qd1 Nxf3+
16.Qxf3 exd5 17.Be5 Rfd8 18.Rfe1 Rac8 19.Bd4 Rc6 20.Re5 Bc5 21.Bxc5 Rxc5
22.Rce1 Rc7 23.Nxd5 Nxd5 24.Rxd5 Qc8 25.Rxd8+ Qxd8 26.Qe3 g6 27.Qxa7 Rd7
28.Rd1 h5 29.h4 b6 30.Qa6 Kg7 31.Qc4 Rd4 32.Qc6 Rd5 33.Qc3+ Kg8 34.Re1 Kh7
35.Qc4 Qd7 36.Re7 Qxe7 37.Qxd5 Kg7 38.Qd4+  1-0

[Event "XI Sants Open"]
[Site "Barcelona ESP"]
[Date "2009.08.23"]
[Round "3"]
[White "Bacallao Alonso,Y"]
[Black "Mestre Bellido,H"]
[Result "0-1"]
[WhiteElo "2467"]
[BlackElo "2292"]

1.Nf3 d5 2.g3 c6 3.Bg2 Nf6 4.O-O Bg4 5.d4 e6 6.Nbd2 Be7 7.c3 Nbd7 8.Re1 O-O
9.e4 Bh5 10.h3 Rc8 11.Qb3 Qb6 12.exd5 cxd5 13.Nh4 Ne8 14.Ndf3 Nd6 15.g4 Bg6
16.Nxg6 hxg6 17.Ng5 Rfe8 18.Bf4 Nc4 19.Re2 Bd6 20.Qxb6 Ndxb6 21.Bc1 Re7 22.b3 Na3
23.c4 dxc4 24.Ne4 Bb4 25.Nc5 Nb5 26.Nxb7 Nxd4 27.Re4 Nc2  0-1

[Event "Open A"]
[Site "Panevezys LTU"]
[Date "2009.08.23"]
[Round "9"]
[White "Petraitis,G"]
[Black "Vanagas,T"]
[Result "1/2-1/2"]
[WhiteElo "2028"]
[BlackElo "1860"]

1.Nf3 d5 2.g3 g6 3.Bg2 Bg7 4.d4 Nf6 5.O-O O-O 6.c4 c6 7.Nc3 dxc4 8.Ne5 Be6
9.e4 Nfd7 10.f4 f5 11.Be3 Nxe5 12.dxe5 Na6 13.Qe2 fxe4 14.Rfd1 Qa5 15.Nxe4 Rfd8
16.a3 Bd5 17.Qf2 e6 18.Nd6 Qc7 19.Rac1 Bf8 20.Nxc4 Bxc4 21.Rxd8 Rxd8 22.Rxc4 Rd1+
23.Bf1 Qd7 24.Rd4 Rxd4 25.Bxd4 c5 26.Be3 Qd1 27.Qd2 Qxd2 28.Bxd2 Nc7 29.Kf2 Kf7
30.Ke3 Ke8 31.Bg2 b6 32.Kd3 Bg7 33.Kc4 g5 34.fxg5 Bxe5 35.Be4 Bxb2 36.a4 Kf7
37.Bxh7 Kg7 38.Be4 Ne8 39.Bc2 Nd6+ 40.Kb3 Bd4 41.h4 c4+ 42.Kb4 a5+ 43.Ka3 e5
44.h5 e4 45.h6+ Kg8 46.Bd1 e3 47.Be1 Nf7 48.Be2 Nxg5 49.Bxc4+ Kh7 50.Be2 Kxh6
51.Kb3 Kg6 52.Kc4 Bc5 53.Bxa5 bxa5 54.Kxc5 Ne4+ 55.Kd4  1/2-1/2

[Event "24th Open"]
[Site "Schwarzach AUT"]
[Date "2009.08.23"]
[Round "9"]
[White "Legahn,D"]
[Black "Egle,S"]
[Result "1/2-1/2"]
[WhiteElo "2207"]
[BlackElo "2153"]

1.g3 d5 2.Nf3 Nf6 3.Bg2 e6 4.O-O Be7 5.d3 c5 6.Nbd2 Nc6 7.e4 b6 8.Re1 Bb7
9.a3 Qc7 10.Qe2 dxe4 11.Nxe4 Nxe4 12.dxe4 O-O-O 13.c3  1/2-1/2

[Event "9th UIL&UL GM"]
[Site "Dahka BAN"]
[Date "2009.08.25"]
[Round "6"]
[White "Khusnutdinov,R"]
[Black "Rahman,Tai"]
[Result "1-0"]
[WhiteElo "2506"]
[BlackElo "2316"]

1.Nf3 d5 2.g3 c6 3.Bg2 Bg4 4.O-O Nd7 5.d3 e5 6.Nbd2 Ngf6 7.e4 dxe4 8.dxe4 Bc5
9.c3 a5 10.a4 O-O 11.Qc2 Re8 12.Nc4 Bh5 13.Bd2 Nb6 14.Nxb6 Qxb6 15.Bg5 Nd7
16.Rad1 Nf8 17.Rb1 Ne6 18.Bd2 Rad8 19.Nxe5 Be2 20.Rbe1 Bxf1 21.Rxf1 Be7 22.Be3 Bc5
23.Bc1 Be7 24.Re1 Bg5 25.Nc4 Qa6 26.Bf1 Bxc1 27.Qxc1 Qa7 28.e5 h6 29.h4 Qc5
30.Nd6 Re7 31.Re3 Nf8 32.Qe1 Ng6 33.b4 axb4 34.cxb4 Qa7 35.a5 Red7 36.Bh3 Re7
37.Nc8 Rxc8 38.Bxc8 Qb8 39.Bf5 Nxe5 40.Qe2 Qd6 41.Re4 Kf8 42.Bh3 Nd7 43.Rxe7 Qxe7
44.Qg4 Nf6 45.Qc8+ Ne8 46.Bd7 Qe1+ 47.Kg2 Qe4+ 48.Kh2 Qe2 49.Bh3 Qe7 50.Qg4 g6
51.Qd4 Nf6 52.Bg2 Qe6 53.Bf3 h5 54.Kg2 Ng4 55.b5 Ne5 56.Be4 cxb5 57.Bxb7 Nc4
58.a6  1-0

[Event "9th UIL&UL GM"]
[Site "Dahka BAN"]
[Date "2009.08.26"]
[Round "7"]
[White "Mchedlishvili,M"]
[Black "Hasan,Me"]
[Result "1-0"]
[WhiteElo "2592"]
[BlackElo "2236"]

1.Nf3 d5 2.g3 c6 3.Bg2 Bg4 4.c4 e6 5.Qb3 Qb6 6.Qc2 Nf6 7.cxd5 exd5 8.O-O Nbd7
9.d3 Bd6 10.Nc3 O-O 11.e4 Rfe8 12.Be3 Qa5 13.h3 Bh5 14.Nh4 dxe4 15.dxe4 Bc5
16.Bd2 Qd8 17.Kh2 Bb6 18.f4 Nc5 19.e5 Nd5 20.Ne4 Nxe4 21.Bxe4 h6 22.Rae1 Kh8
23.a3 Rc8 24.Ng2 Rc7 25.g4 Bg6 26.Bxg6 fxg6 27.Qxg6 Ne7 28.Qh5 Rf8 29.Bb4 c5
30.Bc3 Nd5 31.Rd1  1-0

[Event "XI Sants Open"]
[Site "Barcelona ESP"]
[Date "2009.08.27"]
[Round "7"]
[White "Bacallao Alonso,Y"]
[Black "Strunski,A"]
[Result "1/2-1/2"]
[WhiteElo "2467"]
[BlackElo "2413"]

1.Nf3 d5 2.g3 Nf6 3.Bg2 g6 4.b3 Bg7 5.Bb2 O-O 6.c4 c5 7.cxd5 Nxd5 8.Bxg7 Kxg7
9.Qc1 b6 10.O-O Bb7 11.Rd1 Nd7 12.d4 N5f6 13.dxc5 Rc8 14.Qa3 Rxc5 15.Qxa7 Qc7
16.Qa3 Ra8 17.Qb4 e5 18.a4 e4 19.Ne1 b5 20.Nd2 bxa4 21.Nxe4 Bxe4 22.Bxe4 Re8
23.Bf3 axb3 24.Qxb3 Ne5 25.Bg2 Rb8 26.Qa3 Rc3 27.Qa7 Rb2 28.Qxc7 Rxc7 29.Kf1 Nc4
30.Nd3 Rb3 31.Rac1 Ra3 32.Bf3 h5 33.Kg2 Raa7 34.Nb4 Ne5 35.Nc6 Nxc6 36.Rxc6 Re7
37.Rd4 Nd7 38.Rc2 Ne5 39.Bd5 Rad7 40.Rcd2 Rd6 41.h3 Nc6 42.Bxc6 Rxc6 43.Rd7 Rxd7
44.Rxd7 Rc3 45.g4 hxg4 46.hxg4 Rc4 47.Kg3 Kf6 48.g5+ Ke6 49.Rd3 Re4 50.Kf3 Rh4
51.Kg3 Re4 52.e3 Ra4 53.f4 Ra1 54.Kf3 Rb1 55.Ra3 Rb2 56.Ra4 Rb1 57.Ra6+ Ke7
58.Rf6 Ra1 59.e4 Ra3+ 60.Kg4 Re3 61.e5 Ke8 62.Ra6 Ke7 63.Ra2 Ke6 64.Rf2 Ra3
65.Rf3 Ra4 66.Rd3 Ra6 67.Rc3 Rb6 68.Rc7 Rb3 69.Rc6+ Ke7 70.Rf6 Re3 71.Rc6 Ra3
72.Rd6 Rb3 73.Rd2 Ra3 74.Rh2 Ke6 75.Rh6 Ra1 76.Rh8 Rg1+ 77.Kf3 Rf1+ 78.Ke4  1/2-1/2

[Event "9th UIL&UL GM"]
[Site "Dahka BAN"]
[Date "2009.08.27"]
[Round "8"]
[White "Islam,AP"]
[Black "Shrestha,B"]
[Result "1/2-1/2"]
[WhiteElo "2188"]
[BlackElo "2106"]

1.Nf3 d5 2.g3 Nf6 3.Bg2 c6 4.b3 e6 5.Bb2 Bd6 6.d3 Qe7 7.Nbd2 O-O 8.a3 e5
9.e4 Re8 10.h3 Nbd7 11.O-O Nf8 12.Re1 Ng6 13.exd5 cxd5 14.Nxe5 Bxe5 15.Bxe5 Nxe5
16.d4 Qc7 17.dxe5 Rxe5 18.c4 Rxe1+ 19.Qxe1 Be6 20.Rc1 Qd7 21.Kh2 Re8 22.Qd1 dxc4
23.Nxc4 Qxd1 24.Rxd1 b6 25.Rd4 g6 26.Nd6 Re7 27.b4 Kg7 28.f4 Rc7 29.g4 Rc2
30.Kg1 Rc1+ 31.Kf2 Rc2+ 32.Kf1 Rc1+ 33.Ke2 Rc2+ 34.Rd2 Rxd2+ 35.Kxd2 Bd5
36.Bf1 Ne4+ 37.Nxe4 Bxe4 38.Ke3 Bc6 39.Kd4 Kf6 40.h4 h6 41.Bc4 Bf3 42.g5+ hxg5
43.hxg5+ Ke7 44.Ke5 Bc6 45.Bb3 Bf3 46.Bd5 Bg4 47.a4 a5 48.bxa5 bxa5 49.Bb3 Bd7
50.Kd4 f6 51.Kc5 fxg5 52.fxg5 Be8 53.Kb6 Kd6 54.Kxa5 Ke5 55.Kb6 Bxa4 56.Bxa4  1/2-1/2

[Event "XXI Festival Open A"]
[Site "Porto San Giorgio ITA"]
[Date "2009.08.27"]
[Round "7"]
[White "Movsziszian,K"]
[Black "Ortega,Le"]
[Result "0-1"]
[WhiteElo "2570"]
[BlackElo "2437"]

1.g3 d5 2.Nf3 Nf6 3.Bg2 Bf5 4.d3 e6 5.O-O h6 6.Qe1 Be7 7.Nc3 O-O 8.e4 Bh7
9.Ne5 Na6 10.f4 dxe4 11.dxe4 Nc5 12.Kh1 a5 13.a4 c6 14.b3 Ncxe4 15.Bxe4 Nxe4
16.Nd1 Qd5 17.Nf3 Bb4 18.c3 Bc5 19.Ba3 Qxb3 20.Bxc5 Nxc5 21.Nd4 Qd5+ 22.Kg1 Rad8
23.Ne3 Qe4 24.Nc4 Qd5 25.Ne3 Qe4 26.Nc4 Qxe1 27.Rfxe1 Nd3 28.Reb1 Nc5 29.Re1 Ne4
30.Nxa5 Nxc3 31.Ndb3 Rb8 32.Nd4 c5 33.Nb5 Nxb5 34.axb5 Bd3 35.b6 Rfd8 36.Rac1 Rd5
37.Kf2 Ba6 38.Re5 Rc8 39.Nb3 Rxe5 40.fxe5 c4 41.Nd4 Rc5 42.Ra1 Rc8 43.Ke3 c3
44.Rb1 c2 45.Rc1 Rc3+ 46.Kf4 g5+ 47.Ke4 Bc4  0-1

[Event "Open"]
[Site "Bratto ITA"]
[Date "2009.08.28"]
[Round "8"]
[White "Romanishin,O"]
[Black "Pavasovic,D"]
[Result "1/2-1/2"]
[WhiteElo "2503"]
[BlackElo "2605"]

1.Nf3 d5 2.g3 Bg4 3.Bg2 Nd7 4.c4 e6 5.Qb3 Nc5 6.Qc2 c6 7.d3 Nf6 8.O-O Be7
9.Be3 Bxf3 10.Bxf3 d4 11.Bf4 Bd6 12.Bxd6 Qxd6 13.b4 Ncd7 14.c5 Qe7 15.Nd2 Ne5
16.Bg2 O-O 17.Qb2 Rfd8 18.Nb3 Qd7 19.a4 Rac8 20.Rfc1 a6 21.b5 cxb5 22.Na5 Nc6
23.axb5 axb5 24.Qxb5 Nxa5 25.Rxa5 Nd5 26.Qxd7 Rxd7 27.c6 Kf8 28.Ra8 Rxa8
29.cxd7 Nc3 30.Kf1  1/2-1/2

[Event "XI Sants Open"]
[Site "Barcelona ESP"]
[Date "2009.08.29"]
[Round "9"]
[White "Fargere,Fr"]
[Black "Gonzalez Garcia,J2"]
[Result "1-0"]
[WhiteElo "2480"]
[BlackElo "2509"]

1.Nf3 d5 2.g3 c5 3.Bg2 Nc6 4.O-O Nf6 5.d3 g6 6.Nbd2 Bg7 7.e4 O-O 8.Re1 e5
9.exd5 Nxd5 10.Nc4 f6 11.a4 Be6 12.c3 Qd7 13.Qc2 b6 14.a5 Rab8 15.axb6 axb6
16.Nfd2 Rfd8 17.Ne4 Kh8 18.Qe2 f5 19.Ng5 Bg8 20.Nf3 Re8 21.Bg5 e4 22.dxe4 Rxe4
23.Qd3 Qe6 24.Ne3 h6 25.Nxd5 Rxe1+ 26.Rxe1 Qxd5 27.Qe3 hxg5 28.Nxg5 Qe5 29.Bxc6 Qxe3
30.Rxe3 b5 31.Re8 Rxe8 32.Bxe8 b4 33.f4 Bh7 34.cxb4 Bxb2 35.b5 c4 36.Nf3 Ba3
37.Kf2 Kg7 38.Ke2 Bc5 39.Ne5 c3 40.Kd3 g5 41.fxg5 f4+ 42.Kxc3 fxg3 43.hxg3 Bg8
44.Nd3 Be3 45.Nf4 Bf2 46.Nh5+ Kf8 47.Bg6 Be3 48.Be4 Bxg5 49.b6 Bd8 50.b7 Bc7
51.g4 Bf7 52.Nf6 Be5+ 53.Kb4 Ke7 54.g5 Be6 55.Kb5 Bb8 56.Kb6 Kd6 57.Ne8+ Ke5
58.Bc2 Bf7 59.Nc7 Bc4 60.Na6 Bxa6 61.Kxa6 Ke6 62.Kb6 Ke7 63.Kc6 Bf4 64.Bh7 Bb8
65.Bb1 Bf4 66.Ba2 Bb8 67.Kd5 Kf7 68.Bb1 Bc7 69.Kc6  1-0

[Event "XI Sants Open"]
[Site "Barcelona ESP"]
[Date "2009.08.29"]
[Round "9"]
[White "Bacallao Alonso,Y"]
[Black "Almeida Toledano,D"]
[Result "1-0"]
[WhiteElo "2467"]
[BlackElo "2331"]

1.Nf3 d5 2.g3 Nf6 3.Bg2 c5 4.O-O Nc6 5.c4 d4 6.a3 a5 7.e3 e5 8.exd4 exd4
9.d3 Be7 10.Nbd2 O-O 11.Re1 h6 12.Ne5 Nxe5 13.Rxe5 Bd6 14.Re1 Qc7 15.Ne4 Nxe4
16.Bxe4 f5 17.Bd5+ Kh7 18.Qh5 Qd8 19.h4 Qf6 20.Bg5 Qg6 21.Qxg6+ Kxg6 22.Be7 Bxe7
23.Rxe7 f4 24.h5+ Kf6 25.Rae1 Ra6 26.gxf4 Rb6 27.Rc7 Bg4 28.Re8  1-0

[Event "XXI Festival Open A"]
[Site "Porto San Giorgio ITA"]
[Date "2009.08.29"]
[Round "9"]
[White "Hera,I"]
[Black "Voiska,M"]
[Result "1-0"]
[WhiteElo "2557"]
[BlackElo "2332"]

1.Nf3 d5 2.g3 Nf6 3.Bg2 e6 4.O-O Be7 5.d3 c5 6.Nbd2 Nc6 7.e4 h6 8.Re1 b6
9.c3 Bb7 10.a3 Qc7 11.Qe2 Rd8 12.e5 Nd7 13.d4 a5 14.Nf1 a4 15.Bf4 Na5 16.N3d2 Nb8
17.h4 Ba6 18.Qg4 g6 19.h5 g5 20.Be3 Bd3 21.Nh2 b5 22.f4 Nbc6 23.fxg5 hxg5
24.Qf3 cxd4 25.cxd4 Nc4 26.Nxc4 bxc4 27.Ng4 Rb8 28.h6 Qd8 29.Qf2 Bf5 30.Nf6+ Bxf6
31.exf6 Qxf6 32.g4 Qxh6 33.gxf5 Kd7 34.Re2 Qh2+ 35.Kf1 Ne7 36.Bxg5 Nxf5 37.Bf4 Qh5
38.Bxb8 Rxb8 39.Re5 f6 40.Rxf5 exf5 41.Re1  1-0

[Event "XIX EYCC Boys U16"]
[Site "Fermo ITA"]
[Date "2009.08.31"]
[Round "1"]
[White "Popilski,G"]
[Black "Piscitelli,V"]
[Result "1-0"]
[WhiteElo "2392"]
[BlackElo "2067"]

1.Nf3 d5 2.g3 Nf6 3.Bg2 e6 4.O-O Be7 5.c4 O-O 6.b3 c5 7.e3 Nc6 8.Bb2 b6 9.Qe2 Bb7
10.Rd1 Qc7 11.Nc3 Rac8 12.cxd5 exd5 13.d4 Rfd8 14.Ne5 Na5 15.Rac1 Qb8 16.Bh3 Rc7
17.Bg2 Rcc8 18.Qf3 Nc6 19.Qf5 cxd4 20.exd4 Nb4 21.a3 Na6 22.Re1 Nc7 23.Re3 Bf8
24.Ne2 Re8 25.Nf4 Rcd8 26.Nh5 Be7 27.Nxf6+ Bxf6 28.Nd7 Rxd7 29.Qxd7 Ne6 30.Bxd5 Re7
31.Qb5 Nc7 32.Rxc7  1-0

[Event "XIX EYCC Girls U18"]
[Site "Fermo ITA"]
[Date "2009.08.31"]
[Round "1"]
[White "Vojinovic,J"]
[Black "Babei,A"]
[Result "1-0"]
[WhiteElo "2341"]
[BlackElo "2015"]

1.Nf3 d5 2.g3 Nf6 3.Bg2 c6 4.O-O Nbd7 5.d3 e5 6.Nbd2 Bd6 7.e4 O-O 8.c3 a5
9.Qc2 Re8 10.Re1 dxe4 11.dxe4 Qc7 12.a4 b5 13.Nb3 Nc5 14.Nxc5 Bxc5 15.h3 Bb7
16.Bg5 Nd7 17.Bf1 Ba6 18.Nd2 Bf8 19.Be3 Nb6 20.axb5 cxb5 21.Rxa5 Nc4 22.Nxc4 bxc4
23.Rea1 Bb7 24.Rxa8 Rxa8 25.Rxa8 Bxa8 26.f3 Bc5 27.Qf2 Bxe3 28.Qxe3 Bb7 29.Qa7 h6
30.Kh2 Kh7 31.h4 Qc6 32.Qa5 Qd6 33.Qb4 Qd2+ 34.Bg2 Ba6 35.Qb6 Bc8 36.Qc7 Be6
37.Qxe5 Qxb2 38.Qd4 Qe2 39.Qe5 Qf2 40.Qb5 Qc2 41.Qb4 Qb3 42.Qa5 Qb2 43.h5 Qc2
44.Qa1 Qd2 45.Qa5 Qb2 46.Qe5 Qe2 47.g4 Qe1 48.Kh3 Qe3 49.Qa5 Qf2 50.Qa1 Qe3
51.Qb2 Qf4 52.Qc2 Kg8 53.Bh1 Qe3 54.Kg2 Qe1 55.Kh2 Kh8 56.Bg2 Qe3 57.Kg3 Qg1
58.Qd2 Kg8 59.f4 f6 60.e5 fxe5 61.fxe5 Qc5 62.Qf4 Qg1 63.Qe4 Qa1 64.Qa8+ Qxa8
65.Bxa8 Kf7 66.Be4 Ke7 67.Kf4 Bf7 68.Bf5 Bd5 69.Ke3 Bg2 70.Be4 Bh3 71.Kf4 Ke6
72.Bb7 Bf1 73.Be4 Bh3 74.Bh7 Kf7 75.Bf5 Bf1 76.Kf3 Bh3 77.Ke4 Bg2+ 78.Kd4 Bf1
79.Bc8 Be2 80.Kd5 Ke7 81.Ke4 Bd3+ 82.Kf4 Bc2 83.g5 hxg5+ 84.Kxg5 Kf7 85.Bf5 Bd1
86.Bg4 Bc2 87.Kf4 Bd3 88.Ke3 Bc2 89.Be2 Ke6 90.Kd4  1-0

[Event "TCh-SRB 1st League"]
[Site "Kragujevac SRB"]
[Date "2009.09.02"]
[Round "2"]
[White "Arsovic,Z"]
[Black "Abramovic,B"]
[Result "0-1"]
[WhiteElo "2468"]
[BlackElo "2471"]

1.Nf3 d5 2.g3 Nf6 3.Bg2 c6 4.O-O Bg4 5.c4 e6 6.d3 Nbd7 7.cxd5 exd5 8.Qb3 Nc5
9.Qc2 Be7 10.Nbd2 a5 11.h3 Bxf3 12.Nxf3 O-O 13.e3 Re8 14.Bd2 Qb6 15.Rfe1 Ne6
16.Rab1 Bb4 17.Bc3 Qa7 18.Rec1 Nd7 19.b3 Bxc3 20.Qxc3 Red8 21.Qb2 Ndc5 22.Qc2 Na6
23.d4 Nac7 24.h4 Nb5 25.Qd3 a4 26.Bh3 Nf8 27.b4 Nd6 28.h5 h6 29.Ne5 Nh7 30.Bf5 Nf6
31.Kg2 Nxh5 32.Rh1 Nf6 33.g4 Re8 34.Rh3 Nfe4 35.Rbh1 f6 36.Ng6 b6 37.Qd1 Ng5
38.Rh5 Qf7 39.Qc2 Nc4 40.Qd3 b5 41.Nh4 Re4 42.Bxe4 dxe4 43.Qc2 Rd8 44.Nf5 Qe6
45.Rc1 g6 46.Nxh6+ Kg7 47.Rh4 Nf3 48.Rch1 Nxh4+ 49.Rxh4 Rh8 50.g5 fxg5 51.Rxe4 Qd5
52.Ng4 Nd6 53.f3 Nxe4 54.fxe4 Qc4 55.Qd2 Rf8 56.Nf2 Qf7 57.Qe2 a3 58.e5 g4
59.Nxg4 Qc4 60.Qd1 Qxa2+ 61.Kg3 Qe6 62.Qh1 a2 63.Qh6+ Kg8 64.Qh1 Qd5 65.Qd1 Qf3+  0-1

[Event "II Open"]
[Site "Sabadell ESP"]
[Date "2009.09.02"]
[Round "2"]
[White "Bacallao Alonso,Y"]
[Black "Marques Taltavull,A"]
[Result "1-0"]
[WhiteElo "2507"]
[BlackElo "2165"]

1.Nf3 d5 2.g3 Nf6 3.Bg2 c6 4.O-O Bf5 5.d3 h6 6.Nbd2 e6 7.b3 Be7 8.Bb2 Nbd7
9.c4 O-O 10.Qc2 Bh7 11.a3 Rc8 12.b4 c5 13.Qb3 b6 14.cxd5 Nxd5 15.b5 Bf6 16.Nc4 Bxb2
17.Qxb2 Qf6 18.Qxf6 gxf6 19.Rfc1 Rc7 20.a4 Ne7 21.a5 Rb8 22.axb6 axb6 23.Nfd2 Nc8
24.Ra6 Kf8 25.Rca1 Ke7 26.f4 f5 27.Nb1 f6 28.Nc3 Bg6 29.Ra8 Rxa8 30.Rxa8 Be8
31.Kf2 Na7 32.h3 Nc8 33.g4 fxg4 34.hxg4 Na7 35.Bf3 Nc8 36.f5 Ne5 37.fxe6 Kxe6
38.Nd5  1-0

[Event "TCh-SRB 1st League"]
[Site "Kragujevac SRB"]
[Date "2009.09.04"]
[Round "4"]
[White "Jovanovic,SM"]
[Black "Berkes,F"]
[Result "0-1"]
[WhiteElo "2293"]
[BlackElo "2663"]

1.Nf3 d5 2.g3 Bg4 3.Ne5 Bf5 4.Bg2 f6 5.e4 dxe4 6.Bh3 Bxh3 7.Qh5+ g6 8.Nxg6 Bg4
9.Qxg4 Nh6 10.Qxe4 hxg6 11.Qxb7 Nd7 12.d4 Nf5 13.Be3 e5 14.Qe4 Kf7 15.O-O exd4
16.Bxd4 Nxd4 17.Qxd4 Ne5 18.Qe4 Qc8 19.Rd1 Rb8 20.Nd2 Rxb2 21.Nb3 Qh3  0-1

[Event "6th LGA Premium Cup"]
[Site "Nuernberg GER"]
[Date "2009.09.04"]
[Round "2"]
[White "Zaragatski,I"]
[Black "Nazarenus,M"]
[Result "1/2-1/2"]
[WhiteElo "2472"]
[BlackElo "2233"]

1.Nf3 d5 2.g3 Nf6 3.Bg2 e6 4.c4 Be7 5.O-O O-O 6.d4 b6 7.Nc3 Bb7 8.b3 Nbd7
9.Bb2 c5 10.cxd5 Nxd5 11.Na4 Rc8 12.Qd3 cxd4 13.Nxd4 Nb4 14.Qd2 Bxg2 15.Kxg2 Qc7
16.a3 Qb7+ 17.f3 Nd5 18.e4 N5f6 19.Rac1 Rfd8 20.Rxc8 Rxc8 21.Rc1 Kf8 22.Rxc8+ Qxc8
23.Qc3 Qxc3 24.Nxc3 Ne5 25.a4 Nfd7 26.Ncb5 a6 27.Nc7 Nd3 28.Bc3 N7c5 29.Na8 Bf6
30.Nxb6 Bxd4 31.Bxd4 Nxb3 32.Bc3 f6 33.Kf1 Ke8 34.Ke2 Ndc5 35.Kd1 Nb7 36.Kc2 N3c5
37.g4 Kd8 38.e5 Kc7 39.exf6 gxf6 40.a5 Kc6 41.Bxf6 Nxa5 42.Nc8 Kd7 43.Ne7 Nc6
44.Nxc6 Kxc6 45.h4 Kd5 46.h5 e5 47.Be7 Nd7 48.Kd3 Ke6 49.Bd8 Kd5 50.Ke3 Ke6
51.f4 exf4+ 52.Kxf4 Kf7 53.Kf5 Nc5 54.Bb6 Nd7 55.Bc7 Nc5 56.g5 Nb3 57.g6+  1/2-1/2

[Event "6th LGA Premium Cup"]
[Site "Nuernberg GER"]
[Date "2009.09.04"]
[Round "2"]
[White "Gutman,L"]
[Black "Millikan,E"]
[Result "1-0"]
[WhiteElo "2459"]
[BlackElo "1765"]

1.Nf3 d5 2.g3 Bg4 3.Bg2 e6 4.O-O Bd6 5.c4 c6 6.Qb3 Qb6 7.Qc3 Nf6 8.d4 Qb4
9.Nbd2 Ne4 10.Nxe4 dxe4 11.Nd2 Qxc3 12.bxc3 Bxe2 13.Re1 Bd3 14.Bxe4 Bxe4
15.Nxe4 Be7 16.d5 cxd5 17.cxd5 exd5 18.Nd6+ Kf8 19.Nxb7 Nc6 20.Be3 f5 21.Red1 Bf6
22.Rxd5 Ne7 23.Rc5 Rc8 24.Rd1 Rxc5 25.Bxc5 Kf7 26.Nd8+ Kg6 27.c4 Nc8 28.Ne6 Nb6
29.Nf4+ Kh6 30.Nd5 Rc8 31.Be3+ Kg6 32.Nf4+ Kf7 33.c5 Nc4 34.Rc1 Nxe3 35.fxe3 Rc6
36.Kf2 Be7 37.Nd3 Ke6 38.Kf3 a5 39.e4 g6 40.Rc2 Bf8 41.Ke3 Bg7  1-0

[Event "6th LGA Premium Cup"]
[Site "Nuernberg GER"]
[Date "2009.09.04"]
[Round "3"]
[White "Fiedler,W1"]
[Black "Klundt,K"]
[Result "0-1"]
[WhiteElo "2075"]
[BlackElo "2333"]

1.Nf3 d5 2.g3 Nf6 3.Bg2 c6 4.d3 Bg4 5.h3 Bxf3 6.Bxf3 e5 7.e4 dxe4 8.dxe4 Qxd1+
9.Kxd1 Bc5 10.Ke2 Nbd7 11.Be3 O-O-O 12.Nd2 Bxe3 13.Kxe3 Nb6 14.Be2 Rd4 15.c3 Rd7
16.Nf3 Re8 17.b3 Kc7 18.Rhd1 h6 19.Rxd7+ Nbxd7 20.Bd3 Nc5 21.Bc2 Nfd7 22.b4 Ne6
23.Rd1 Ng5 24.h4 Ne6 25.Bb3 a5 26.Nd2 axb4 27.cxb4 Nd4 28.Bxf7 Nc2+ 29.Ke2 Re7
30.Bb3 Nxb4 31.Nc4 Nc5 32.f3 Nxb3 33.axb3 Nc2 34.Rd3 b5 35.Nd2 Nd4+ 36.Ke3 c5
37.Nb1 Kc6 38.f4 exf4+ 39.Kxf4 Kd6 40.b4 Rf7+ 41.Kg4 Ke5 42.bxc5 Kxe4 43.Rd1 Kd5
44.Nc3+ Kxc5 45.Rxd4 Kxd4 46.Nxb5+ Ke5 47.Nc3 g6 48.Ne2 Rf5 49.Nf4 h5+ 50.Kf3 Rxf4+
51.gxf4+ Kf5 52.Kg3 Ke4 53.f5 gxf5 54.Kf2  0-1

[Event "6th LGA Premium Cup"]
[Site "Nuernberg GER"]
[Date "2009.09.04"]
[Round "3"]
[White "Solonar,S"]
[Black "Nabavi,P"]
[Result "1/2-1/2"]
[WhiteElo "2364"]
[BlackElo "2146"]

1.Nf3 d5 2.g3 e6 3.Bg2 Nf6 4.O-O Be7 5.d3 O-O 6.Nbd2 b6 7.e4 dxe4 8.Ng5 Bb7
9.Ngxe4 Nxe4 10.Nxe4 Qc8 11.Bd2 c5 12.a3 Nd7  1/2-1/2

[Event "6th LGA Premium Cup"]
[Site "Nuernberg GER"]
[Date "2009.09.04"]
[Round "3"]
[White "Pokrupa,M"]
[Black "Werner,T2"]
[Result "1-0"]
[WhiteElo "2160"]
[BlackElo "1985"]

1.g3 d5 2.Nf3 c5 3.Bg2 Nc6 4.d4 Nf6 5.O-O cxd4 6.Nxd4 e5 7.Nxc6 bxc6 8.c4 Bb7
9.Qa4 Qd7 10.Rd1 Bc5 11.cxd5 Rd8 12.d6 Ng4 13.e3 O-O 14.Bh3 e4 15.Nc3 Qf5
16.Nxe4 h5 17.Rf1 Qd5 18.Nxc5 Qxc5 19.b3 Qxd6 20.Qxa7 Qc7 21.Ba3 Rfe8 22.Rad1 Ne5
23.Bg2 Nd3 24.Bc5 Nxc5 25.Qxc5 h4 26.a4 hxg3 27.hxg3 Rd7 28.Rxd7 Qxd7 29.Rc1 Qe6
30.b4 Rd8 31.Qb6 Qe7 32.a5 Rd2 33.a6 Qf6 34.Rf1 Ba8 35.Qa7 Qd8 36.Qc5 Qf6
37.b5 Ra2 38.bxc6 Rxa6 39.c7  1-0